000
00300nam a2200121Ia 4500
008
230907s9999||||xx |||||||||||||| ||und||
082
_a
629.1343533
_b
CUM
100
_a
Cumpsty, N. A.
245
0
_a
Jet propulsion :
260
_a
Cambridge,
_b
Cambridge :
_c
2018
300
_a
xiv, 351 p.
942
_c
BK
999
_c
598465
_d
598465